书目信息 |
| 题名: |
《建设工程安全生产管理条例》培训教育读本
|
|
| 作者: | 李志宪 , 赵瑞华 , 赵瑞华 主编 ;国家安全生产监督管理局 编 | |
| 分册: | ||
| 出版信息: | 北京 煤炭工业出版社 2004 |
|
| 页数: | 308页 | |
| 开本: | 20cm | |
| 丛书名: | ||
| 单 册: | ||
| 中图分类: | D922.297.4 | |
| 科图分类: | ||
| 主题词: | 建筑工程 , 安全生产 , 建筑工程--安全生产--生产管理--条例--中国--学习参考资料 , 条例 , 生产管理 | |
| 电子资源: | ||
| ISBN: | 7-5020-2408-5 | |
| 000 | 01623nam0 2200433 450 | |
| 000 | 01589nam0 2200421 450 | |
| 000 | 01552nam0 2200409 450 | |
| 000 | 01515nam0 2200397 450 | |
| 000 | 01498nam0 2200397 450 | |
| 000 | 01444nam0 2200373 450 | |
| 000 | 01407nam0 2200361 450 | |
| 000 | 01306nam0 2200349 450 | |
| 000 | 01269nam0 2200337 450 | |
| 000 | 01202nam0 2200313 450 | |
| 001 | 0104000022 | |
| 005 | 20070315091953.69 | |
| 010 | @a7-5020-2408-5@dCNY28.00 | |
| 100 | @a20051012d2004 em y0chiy0110 ea | |
| 101 | 0 | @achi |
| 102 | @aCN@b110000 | |
| 105 | @ay z 000yy | |
| 200 | 1 | @a《建设工程安全生产管理条例》培训教育读本@A《jian she gong cheng an quan sheng chan guan li tiao li》pei xun jiao yu du ben@f赵瑞华, 李志宪主编@Fzhao rui hua,li zhi xian zhu bian@g国家安全生产监督管理局编 |
| 210 | @a北京@c煤炭工业出版社@d2004 | |
| 215 | @a308页@d20cm | |
| 330 | @a本书总结了我国建设工程安全管理的实践经验,借鉴了国外发达国家建设工程安全管理的成熟做法,对建设活动各方主体的安全责任、政府监督管理等作了规定等。 | |
| 606 | 0 | @a建筑工程 |
| 606 | 0 | @a安全生产 |
| 606 | 0 | @a建筑工程@x安全生产@x生产管理@x条例@y中国@j学习参考资料 |
| 606 | 0 | @a条例 |
| 606 | 0 | @a生产管理 |
| 690 | @aD922.297.4@v4 | |
| 701 | 0 | @a李志宪@9li zhi xian@4主编 |
| 701 | 0 | @a赵瑞华@Azhao rui hua@4主编 |
| 701 | 0 | @a赵瑞华@9zhao rui hua@4主编 |
| 712 | 02 | @a国家安全生产监督管理局@9guo jia an quan sheng chan jian du guan li ju@4编 |
| 801 | 0 | @aCN@b北京荣雅伟业图书经销中心@c20070315 |
| 905 | @aBZT@dD922.297.4@e1 | |
| 906 | @dCNY28.00@n0@r1 | |
| 《建设工程安全生产管理条例》培训教育读本/赵瑞华, 李志宪主编/国家安全生产监督管理局编.-北京:煤炭工业出版社,2004 |
| 308页;20cm |
| ISBN 7-5020-2408-5:CNY28.00 |
| 本书总结了我国建设工程安全管理的实践经验,借鉴了国外发达国家建设工程安全管理的成熟做法,对建设活动各方主体的安全责任、政府监督管理等作了规定等。 |
| ● |
| 相关链接 |
|
|
|
正题名:《建设工程安全生产管理条例》培训教育读本
索取号:D922.297.4/1
 
预约/预借
| 序号 | 登录号 | 条形码 | 馆藏地/架位号 | 状态 | 备注 |
| 1 | 517168 | 230073365 | 中心书库南/013架B面2层2列/ [索取号:D922.297.4/1] | 在馆 | |
| 2 | 517169 | 230073364 | 中心书库南/013架B面2层2列/ [索取号:D922.297.4/1] | 在馆 | |
| 3 | 517170 | 230073363 | 中心书库南/013架B面2层2列/ [索取号:D922.297.4/1] | 在馆 | |
| 4 | 517171 | 230073362 | 中心书库南/013架B面2层2列/ [索取号:D922.297.4/1] | 在馆 | |
| 5 | 522776 | 230086045 | 中心书库南/013架B面2层2列/ [索取号:D922.297.4/1] | 在馆 |